[Event "Stjernens høstturnering 2016"]
[Site "Seilduksgata 11"]
[Date "2016.09.06"]
[Round "1"]
[White "Kaasen, Tor Fredrik"]
[Black "Music, Serif"]
[Result "1-0"]
[WhiteElo "1927"]
[BlackElo "1638"]
[Annotator "Stjernen,SK"]
[PlyCount "53"]
[EventDate "2016.??.??"]

1. d4 d5 2. c4 c6 3. Nf3 Nf6 4. e3 Bf5 5. Nc3 Nbd7 6. cxd5 cxd5 7. Qb3 Qb6 8.
Nxd5 Nxd5 9. Qxd5 Be6 (9... e6) 10. Qb5 Rc8 11. Qxb6 Nxb6 12. Bb5+ Bd7 13.
Bxd7+ Nxd7 14. Bd2 e6 15. Ke2 f6 16. Rac1 Rb8 17. e4 Bd6 18. Kd3 g5 19. e5 $1
fxe5 20. Rhe1 (20. Nxg5 exd4 21. Nxe6 Kf7 22. Nxd4) 20... g4 21. Nxe5 Bxe5 22.
dxe5 Nb6 23. Be3 Nd5 24. Bxa7 Ra8 25. Bd4 Rxa2 (25... O-O 26. a3 Nf4+) 26. Rc8+
Kd7 27. Rxh8
1-0

[Event "Stjernens høstturnering 2016"]
[Site "Seilduksgata 11"]
[Date "2016.09.06"]
[Round "1"]
[White "Egeland, Finn"]
[Black "Lindsjørn, Yngve"]
[Result "1-0"]
[WhiteElo "1960"]
[BlackElo "1588"]
[Annotator "Stjernen,SK"]
[PlyCount "69"]
[EventDate "2016.??.??"]

1. e4 c6 2. d4 d5 3. Nd2 dxe4 4. Nxe4 Bf5 5. Ng3 Bg6 6. h4 h6 7. Nf3 Nd7 8. h5
Bh7 9. Bd3 Bxd3 10. Qxd3 Ngf6 11. Bd2 e6 12. O-O-O Be7 13. Ne4 O-O 14. g4 Nxg4
15. Rhg1 f5 $1 16. Qb3 Rf7 $1 17. Qxe6 Nf8 18. Qb3 Qc7 (18... fxe4 19. Rxg4
exf3 20. Bxh6 Qd5) 19. Rxg4 $1 fxg4 20. Ne5 Bh4 21. Nd6 Qxd6 22. Qxf7+ Kh7 23.
Qf5+ Kg8 24. Qxg4 Bf6 25. Rg1 Bxe5 26. dxe5 Qxe5 27. Bxh6 Ne6 28. Bxg7 Nxg7 29.
h6 Kh7 30. hxg7 Kg8 31. Qh4 Kf7 32. Qc4+ Qd5 33. Qf4+ Ke7 34. Re1+ Kd7 35. Rd1
1-0

[Event "Stjernens høstturnering 2016"]
[Site "Seilduksgata 11"]
[Date "2016.09.06"]
[Round "1"]
[White "Vestli, Håkon Bjørge"]
[Black "Prestholm, Trym"]
[Result "1-0"]
[WhiteElo "1952"]
[BlackElo "1126"]
[Annotator "Stjernen,SK"]
[PlyCount "53"]
[EventDate "2016.??.??"]

1. e4 e5 2. Nf3 Nc6 3. Bb5 a6 4. Ba4 b5 5. Bb3 Nf6 6. O-O Bc5 7. Re1 O-O 8. c3
d6 9. h3 Bb7 10. d3 Na5 11. Bc2 Re8 (11... Bb6) 12. b4 Bxf2+ 13. Kxf2 Nc6 14.
Be3 d5 15. Nbd2 d4 16. cxd4 exd4 17. Bf4 Nxb4 18. a3 Nxc2 19. Qxc2 Rc8 20. Qc5
Qd7 21. Rac1 c6 22. Nb3 h6 23. Qxd4 Qxd4+ 24. Nfxd4 Nh5 25. Be3 Nf6 26. Nc5 Ba8
27. Nf5
1-0

[Event "Stjernens høstturnering 2016"]
[Site "Seilduksgata 11"]
[Date "2016.09.06"]
[Round "1"]
[White "Iversen, Kjell"]
[Black "Aavik, Jakob"]
[Result "0-1"]
[WhiteElo "1556"]
[BlackElo "1803"]
[Annotator "Stjernen,SK"]
[PlyCount "66"]
[EventDate "2016.??.??"]

1. e4 c5 2. Nf3 d6 3. d4 cxd4 4. Nxd4 Nf6 5. Nc3 a6 6. Bd3 e5 7. Nde2 Be6 8.
Bg5 Be7 9. Bxf6 Bxf6 10. Nd5 Bxd5 11. exd5 Qa5+ 12. Nc3 e4 $1 13. Bxe4 Bxc3+
14. bxc3 Qxc3+ 15. Kf1 Nd7 16. Rb1 Nc5 17. Qf3 Qa5 18. Re1 O-O 19. g3 Qxa2 20.
Kg2 Rfe8 21. c3 Qc4 22. Bc2 a5 23. Rd1 Qe2 24. Qxe2 Rxe2 25. Bb1 Rae8 26. Rd4
Rb2 27. h4 Ree2 28. Rf1 a4 29. Rb4 a3 30. Rxb2 Rxb2 31. h5 a2 32. Bf5 g6 33.
hxg6 hxg6
0-1

[Event "Stjernens høstturnering 2016"]
[Site "Seilduksgata 11"]
[Date "2016.09.06"]
[Round "1"]
[White "Wasshaug, Espen"]
[Black "Marosevic, Tomislav"]
[Result "1-0"]
[WhiteElo "1797"]
[BlackElo "1534"]
[Annotator "Stjernen,SK"]
[PlyCount "57"]
[EventDate "2016.??.??"]

1. Nf3 d5 2. d4 Nf6 3. c4 e6 4. Nc3 c6 5. Bg5 Nbd7 6. e3 Qa5 7. Bxf6 Nxf6 8.
Bd3 dxc4 9. Bxc4 Bd6 10. O-O O-O 11. e4 e5 12. d5 cxd5 13. Nxd5 Nxd5 14. Bxd5
Qb6 15. Nd2 Rd8 (15... Bc5 16. Nc4 Qc7 17. Rc1 Bd4) 16. Nc4 Qc7 17. Rc1 Qe7 18.
Qb3 Rb8 19. Rfd1 Be6 20. Rd3 Bxd5 21. Rxd5 Bc7 22. Ne3 g6 23. Qc3 Rbc8 24.
Rxd8+ Qxd8 25. Nd5 f5 26. Nxc7 fxe4 27. Qxe5 h6 28. h3 a6 29. Rc3
1-0

[Event "Stjernens høstturnering 2016"]
[Site "Seilduksgata 11"]
[Date "2016.09.06"]
[Round "1"]
[White "Bernstein, Jonas August"]
[Black "Chikwati, Elvis"]
[Result "0-1"]
[WhiteElo "1486"]
[BlackElo "1760"]
[Annotator "Stjernen,SK"]
[PlyCount "60"]
[EventDate "2016.??.??"]

1. d4 e6 2. c4 b6 3. Nf3 Bb4+ 4. Nc3 Bb7 5. g3 Nf6 6. Bg2 O-O 7. O-O Bxc3 8.
bxc3 h6 9. Re1 d6 10. Nh4 Bxg2 11. Nxg2 c5 12. e4 Nc6 13. f3 Qc7 14. Be3 cxd4
15. cxd4 Na5 16. c5 bxc5 17. dxc5 dxc5 18. Rc1 c4 19. Qd4 Rfd8 20. Qa1 e5 21.
Rc3 Rd3 22. Rec1 (22. Rxd3 cxd3 23. Rc1 Qd6 24. Qc3 Qa6 25. Qxe5) 22... Rxc3
23. Rxc3 Nd7 24. Qc1 Rc8 25. Nh4 Kh7 26. Nf5 Nc5 27. Bxh6 $1 Nd3 28. Qe3 (28.
Qg5 g6 29. Bf8 $1) 28... g6 $1 29. Bf8 Qb6 30. Rxd3 cxd3
0-1

[Event "Stjernens høstturnering 2016"]
[Site "Seilduksgata 11"]
[Date "2016.09.06"]
[Round "1"]
[White "Fjellheim, Benjamin"]
[Black "Jonassen, Didrik"]
[Result "1-0"]
[WhiteElo "1715"]
[BlackElo "1393"]
[Annotator "Stjernen,SK"]
[PlyCount "65"]
[EventDate "2016.??.??"]

1. c4 e5 2. g3 Nf6 3. Bg2 Bc5 4. Nc3 O-O 5. Nf3 Ng4 6. e3 Re8 7. O-O Nc6 8. d4
exd4 9. exd4 Bb4 10. Bf4 d6 11. Qd3 (11. Nd5 a6 (11... Ba5 12. a3 Bb6 13. c5 $1
dxc5 14. dxc5 Bxc5 15. Nxc7) 12. a3 Ba5 13. h3 Nf6 14. Nxf6+ Qxf6 15. d5 Ne7
16. Qa4 $1) 11... Ne7 12. Nd5 Nxd5 13. cxd5 Bd7 14. Rfc1 a6 15. Qc4 Ba5 16. b4
Bb6 17. a4 Rc8 18. Qd3 Qf6 19. Bg5 Bf5 (19... Qg6) 20. Qd2 Qg6 21. Nh4 Qh5 22.
Nxf5 Qxh2+ 23. Kf1 h6 24. Ne7+ Rxe7 25. Bxe7 Re8 26. Re1 f6 27. Bxd6 Rxe1+ 28.
Qxe1 cxd6 29. Qe6+ Kf8 30. Rc1 Bc5 31. Qxg4 h5 32. Qe6 h4 33. dxc5
1-0

[Event "Stjernens høstturnering 2016"]
[Site "Seilduksgata 11"]
[Date "2016.09.06"]
[Round "1"]
[White "Omre, Christian Areklett"]
[Black "Haugerud, Hårek"]
[Result "0-1"]
[WhiteElo "1330"]
[BlackElo "1709"]
[Annotator "Stjernen,SK"]
[PlyCount "65"]
[EventDate "2016.??.??"]

1. d4 Nf6 2. Bf4 e6 3. Nf3 c5 4. c3 cxd4 5. cxd4 Be7 6. Nbd2 O-O 7. h3 Nc6 8.
e3 b6 9. a3 Bb7 10. Bd3 Nd5 11. Bh2 f5 12. O-O Qe8 13. Ne5 d6 14. Nxc6 Bxc6 15.
Nc4 Qg6 16. f3 Bb5 17. Re1 Rad8 18. Rc1 (18. Nxb6 $1 Nxe3 (18... Bxd3 19. Nxd5
exd5 20. Qxd3) 19. Rxe3 Bxd3 20. Qxd3 axb6 21. Qb3) 18... Qh6 19. Qb3 Bd7 20.
Bb1 f4 21. e4 Nf6 22. e5 dxe5 23. Nxe5 Nd5 24. Nc6 Bxc6 25. Rxc6 Rd6 26. Rec1
Qf6 27. Qd3 g6 28. Kh1 Rfd8 29. Rc8 (29. Ba2 Rxc6 30. Rxc6 Bd6 31. Bxd5 exd5)
29... Ne3 30. Rxd8+ Rxd8 31. Qa6 Qxd4 32. Bg1 Qxb2 33. Re1
0-1

[Event "Stjernens høstturnering 2016"]
[Site "Seilduksgata 11"]
[Date "2016.09.06"]
[Round "1"]
[White "Grindbakken, Erik"]
[Black "Wahl, Terje"]
[Result "1-0"]
[WhiteElo "1691"]
[BlackElo "1313"]
[Annotator "Stjernen,SK"]
[PlyCount "87"]
[EventDate "2016.??.??"]

1. c4 e5 2. Nc3 Nf6 3. Nf3 Nc6 4. g3 Bc5 5. Nxe5 Nxe5 (5... Bxf2+ 6. Kxf2 Nxe5)
6. d4 Bxd4 7. Qxd4 Nc6 8. Qe3+ Qe7 9. Qxe7+ Nxe7 10. Nb5 Kd8 11. Bf4 d6 12. c5
$1 Ned5 13. cxd6 Nxf4 14. dxc7+ Kd7 15. gxf4 Kc6 16. e3 Bd7 17. Rc1+ Kb6 18.
Nd6 Rhf8 19. Bg2 Bc6 20. c8=Q Raxc8 21. Nxc8+ Rxc8 22. O-O Rc7 23. Bxc6 Rxc6
24. Rxc6+ Kxc6 25. Rc1+ Kd7 26. f3 h6 27. Kf2 g5 28. fxg5 hxg5 29. Rc5 g4 30.
Rf5 Ke6 31. Rf4 gxf3 32. Rxf6+ Kxf6 33. Kxf3 Kf5 34. e4+ Kg6 35. Kf4 Kf6 36. b4
b5 37. e5+ Kg6 38. Ke4 Kg5 39. Kd5 Kf5 40. Kd6 a6 41. a3 Kg6 42. e6 fxe6 43.
Kxe6 Kg5 44. Kd5
1-0

[Event "Stjernens høstturnering 2016"]
[Site "Seilduksgata 11"]
[Date "2016.09.06"]
[Round "1"]
[White "Smedsrud, Morten S"]
[Black "Ruud, Svein E"]
[Result "0-1"]
[WhiteElo "1257"]
[BlackElo "1674"]
[Annotator "Stjernen,SK"]
[PlyCount "56"]
[EventDate "2016.??.??"]

1. d4 d5 2. c4 e6 3. Nc3 Nf6 4. Bg5 Nbd7 5. e3 c6 6. a3 a5 7. Nf3 a4 8. Nxa4
Qa5+ 9. Nc3 dxc4 10. Qc2 b5 11. Ne5 Nxe5 12. dxe5 Nd5 13. Rd1 Bxa3 14. Rxd5 (
14. e4 Nxc3 15. Rd8+ Qxd8 16. Bxd8 Bc5 17. bxc3 Ra1+ 18. Kd2 Kxd8) 14... cxd5
15. bxa3 Qxa3 16. Be2 Qa1+ 17. Bd1 b4 18. Nb5 Ra2 19. Nd6+ Kd7 20. Qxa2 Qxa2
21. O-O b3 22. f4 Rf8 23. f5 exf5 24. Rxf5 f6 25. Bf4 Qd2 26. e6+ Ke7 27. Nxc8+
Rxc8 28. Bg3 Qxd1+
0-1

[Event "Stjernens høstturnering 2016"]
[Site "Seilduksgata 11"]
[Date "2016.09.06"]
[Round "2"]
[White "Prestholm, Trym"]
[Black "Kaasen, Tor Fredrik"]
[Result "0-1"]
[WhiteElo "1126"]
[BlackElo "1927"]
[PlyCount "62"]
[EventDate "2016.??.??"]

1. d4 Nf6 2. c4 c5 3. Nc3 cxd4 4. Qxd4 Nc6 5. Qd3 g6 6. Nf3 Bg7 7. g3 O-O 8.
Bg2 d6 9. a3 Qa5 10. O-O Qh5 11. h4 Bf5 12. e4 Bg4 13. b4 Nxe4 14. Qxe4 Bxc3
15. Ra2 Bf5 16. Qe3 Bg7 17. Qg5 Bd3 18. Qxh5 gxh5 19. Re1 Bxc4 20. Rc2 d5 21.
Bb2 Rfe8 22. Bxg7 Kxg7 23. Ne5 Nxe5 24. Rxe5 f6 25. Re1 e5 26. Bf1 b5 27. Bxc4
bxc4 28. Rd2 d4 29. f4 c3 30. Rd3 Rad8 31. Kf2 e4
0-1

[Event "Stjernens høstturnering 2016"]
[Site "Seilduksgata 11"]
[Date "2016.09.06"]
[Round "2"]
[White "Haugerud, Hårek"]
[Black "Egeland, Finn"]
[Result "0-1"]
[WhiteElo "1709"]
[BlackElo "1960"]
[Annotator "Stjernen,SK"]
[PlyCount "100"]
[EventDate "2016.??.??"]

1. e4 e5 2. f4 d5 3. exd5 exf4 4. Nf3 Nf6 5. Bb5+ c6 6. dxc6 Nxc6 7. d4 Bd6 8.
O-O O-O 9. c3 Bg4 10. Nbd2 Ne7 11. Bd3 Ng6 12. Qc2 Re8 13. Nc4 Bc7 14. Bd2 Rc8
15. Rae1 Rxe1 16. Nxe1 Bb8 17. Nf3 Qd5 18. Nfe5 b5 19. Nxg6 hxg6 20. Ne5 f3 21.
Nxf3 Rd8 22. Ng5 (22. Qb3) 22... Qxa2 23. Bxb5 Bf5 24. Qc1 Qd5 25. Be2 Re8 26.
Bf3 Qd6 27. g3 Qb6 28. Qa1 Bd6 29. Qa2 Qc7 30. Bf4 Bxf4 31. gxf4 Bd3 (31...
Qxf4 32. Qxf7+ (32. Nxf7 Be6) 32... Kh8) 32. Ra1 Bc4 33. Qxa7 Qxf4 34. Qc5 Ng4
35. Bxg4 Qxg4+ 36. Kh1 Ba6 37. Rg1 (37. Qc6) 37... Bb7+ 38. d5 Qf5 39. c4 f6
40. Qd4 fxg5 41. Qg4 Qd3 42. h3 Bc8 43. Qg3 Re3 44. Qf2 Rxh3+ 45. Kg2 Qe4+ (
45... Rh2+ 46. Kxh2 Qh3#) 46. Kf1 Qxc4+ 47. Qe2 Rf3+ 48. Ke1 Qc1+ 49. Qd1 Qe3+
50. Qe2 Qxg1+
0-1

[Event "Stjernens høstturnering 2016"]
[Site "Seilduksgata 11"]
[Date "2016.09.06"]
[Round "2"]
[White "Bergh, Nicholas"]
[Black "Vestli, Håkon Bjørge"]
[Result "0-1"]
[WhiteElo "1534"]
[BlackElo "1952"]
[Annotator "Stjernen,SK"]
[PlyCount "104"]
[EventDate "2016.??.??"]

1. e4 e6 2. d4 d5 3. exd5 exd5 4. Bd3 Bd6 5. Ne2 Nf6 6. Bf4 Nc6 7. c3 Ne7 8.
Qc2 Bg4 9. Bxd6 Qxd6 10. Ng3 Nh5 11. Nxh5 Bxh5 12. Na3 Qe6+ 13. Kf1 O-O-O 14.
Re1 Qf6 15. Qa4 Kb8 16. Qa5 Rhe8 (16... c6) 17. Nb5 Qb6 18. Qxb6 axb6 19. f3
Bg6 20. Bxg6 Nxg6 21. Kf2 (21. g3) 21... Nf4 22. Re3 Rxe3 23. Kxe3 Nxg2+ 24.
Kd2 Nh4 25. Ke3 Re8+ 26. Kf2 Kc8 27. Rg1 Nf5 28. Rg5 g6 29. h4 h5 30. Na3 c6
31. Nc2 Nxh4 32. Ne3 Re6 33. Rg3 Rf6 (33... Rxe3 34. Kxe3 Nf5+) 34. Rh3 Nf5 35.
Nxf5 Rxf5 36. Rh1 Kd7 37. Re1 Rf6 38. Re5 Re6 39. Rg5 Ke7 40. a3 Kf6 41. Rg1
Kf5 42. Rh1 Re8 43. Rh2 Rh8 44. Kg3 h4+ 45. Kf2 g5 46. Ke3 Re8+ 47. Kf2 Kf4 48.
Rg2 f5 49. Rh2 Re3 50. Rh3 g4 51. Rxh4 Rxf3+ 52. Kg2 Rd3
0-1

[Event "Stjernens høstturnering 2016"]
[Site "Seilduksgata 11"]
[Date "2016.09.06"]
[Round "2"]
[White "Aavik, Jakob"]
[Black "Grindbakken, Erik"]
[Result "1-0"]
[WhiteElo "1803"]
[BlackElo "1691"]
[Annotator "Stjernen,SK"]
[PlyCount "35"]
[EventDate "2016.??.??"]

1. e4 c6 2. d4 d5 3. e5 c5 4. dxc5 Nc6 5. Bb5 e6 6. Be3 Bd7 7. Bxc6 Bxc6 8. Nf3
Ne7 9. O-O Nf5 10. b4 Nxe3 (10... a5 11. c3 axb4 12. cxb4 b6) 11. fxe3 b6 12.
Nd4 Qc7 13. Qf3 Bb7 14. c6 Bc8 15. Nb5 Qxe5 16. Qxf7+ Kd8 17. c7+ Qxc7 18.
Qxc7+
1-0

[Event "Stjernens høstturnering 2016"]
[Site "Seilduksgata 11"]
[Date "2016.09.06"]
[Round "2"]
[White "Ruud, Svein E"]
[Black "Wasshaug, Espen"]
[Result "0-1"]
[WhiteElo "1674"]
[BlackElo "1797"]
[Annotator "Stjernen,SK"]
[PlyCount "100"]
[EventDate "2016.??.??"]

1. d4 Nf6 2. Nf3 e6 3. e3 c5 4. c3 Nc6 5. Nbd2 b6 6. Be2 Bb7 7. b3 Qc7 8. Bb2
Be7 9. Rc1 O-O 10. Bd3 d5 11. Qe2 e5 12. dxe5 Nxe5 13. Nxe5 Qxe5 14. Nf3 Qh5
15. Nd2 Qg5 16. Nf3 Qg4 17. Kd2 Rfd8 18. h3 Ne4+ 19. Kc2 Qe6 20. g4 Rac8 21.
Kb1 c4 22. Bc2 Bf6 (22... d4 23. Nxd4 Rxd4 24. cxd4 c3 25. f3 cxb2 26. Kxb2 Ng3
27. Qd3 Rxc2+ 28. Qxc2 Nxh1 29. Rxh1 Qxe3) 23. Qe1 cxb3 24. Bxb3 Nc5 25. Bc2 d4
26. exd4 Bxf3 27. dxc5 Bxh1 28. Qxe6 fxe6 29. Rxh1 Rxc5 30. Bb3 Re5 31. f4 Re2
32. Rd1 Rxd1+ 33. Bxd1 Re1 34. Kc2 Rh1 35. g5 Be7 36. Bg4 Kf7 37. Bc1 Rf1 38.
Be3 Bc5 39. Bc1 Ke7 40. Bd2 Bd6 41. Be2 Rf2 42. Kd3 Bxf4 43. Be1 Rh2 44. h4 Rh1
45. Bf2 Ra1 46. Bd4 e5 47. Be3 Rxa2 48. Bxf4 exf4 49. Bf3 Rh2 50. h5 Rh3
0-1

[Event "Stjernens høstturnering 2016"]
[Site "Seilduksgata 11"]
[Date "2016.09.06"]
[Round "2"]
[White "Chikwati, Elvis"]
[Black "Ryen, Thomas Ager"]
[Result "0-1"]
[WhiteElo "1760"]
[BlackElo "1627"]
[Annotator "Stjernen,SK"]
[PlyCount "98"]
[EventDate "2016.??.??"]

1. d4 f5 2. Nf3 Nf6 3. Bg5 e6 4. e3 Be7 5. Bd3 b6 6. c4 Bb7 7. Nc3 O-O 8. Bxf6
Bxf6 9. O-O d6 10. Qe2 a6 11. Rfd1 Qe8 12. e4 fxe4 13. Nxe4 Nd7 14. Nxf6+ Nxf6
15. Ng5 e5 16. d5 Bc8 17. f3 Qh5 18. Ne4 a5 19. Rf1 Qh6 20. Nxf6+ gxf6 21. f4
exf4 22. Qe7 Rf7 23. Qe4 f5 24. Qd4 Bd7 25. Rxf4 Re8 26. Raf1 Re5 27. Qf2 Qg5
28. h3 h5 29. Kh2 Rg7 30. Qf3 (30. Rf3) 30... Re3 $1 31. h4 Rxf3 32. hxg5 Rxd3
33. Re1 Rxg5 34. Re7 Rg7 35. Re2 Kf7 36. b3 Rg4 37. Rf1 Rh4+ 38. Kg1 Rdd4 39.
Ref2 Kg6 40. Rf3 Rhg4 41. Re1 Rde4 42. Ree3 Rxe3 43. Rxe3 Kf6 44. Kf2 h4 45.
Re1 Rf4+ 46. Kg1 Re4 47. Rc1 Re2 48. a3 Rb2 49. Rc3 f4
0-1

[Event "Stjernens høstturnering 2016"]
[Site "Seilduksgata 11"]
[Date "2016.09.06"]
[Round "2"]
[White "Lindsjørn, Trygve"]
[Black "Fjellheim, Benjamin"]
[Result "0-1"]
[WhiteElo "1623"]
[BlackElo "1715"]
[Annotator "Stjernen,SK"]
[PlyCount "38"]
[EventDate "2016.??.??"]

1. e4 e6 2. d4 d5 3. e5 c5 4. c3 Nc6 5. Bb5 Bd7 6. Nf3 Nxe5 $1 7. Bxd7+ Nxd7 8.
O-O Ngf6 9. Bf4 Qb6 10. Qe2 Be7 11. b3 O-O 12. Nbd2 Rac8 13. Rfc1 cxd4 14. cxd4
Ba3 15. Rxc8 Rxc8 16. Qd3 Qc6 17. h3 Qc3 18. Qxc3 Rxc3 19. Nb1 Rxf3 $1
0-1

[Event "Stjernens høstturnering 2016"]
[Site "Seilduksgata 11"]
[Date "2016.09.06"]
[Round "2"]
[White "Music, Serif"]
[Black "Kutrovac, Milan"]
[Result "0-1"]
[WhiteElo "1638"]
[BlackElo "1611"]
[PlyCount "48"]
[EventDate "2016.??.??"]

1. e4 e5 2. d3 d5 3. f3 Nc6 4. c3 Bc5 5. a4 a5 6. Na3 Nge7 7. Bg5 O-O 8. Nc2 f6
9. Bh4 Be6 10. Ne2 f5 11. Qd2 dxe4 12. dxe4 Qxd2+ 13. Kxd2 fxe4 14. fxe4 Ng6
15. Bg3 Rad8+ 16. Kc1 Rd7 17. b4 axb4 18. cxb4 Nxb4 19. Nxb4 Bxb4 20. Rb1 c5
21. Kc2 Rd2+ 22. Kc1 Rfd8 23. Rxb4 cxb4 24. Bf2 Rd1+
0-1

[Event "Stjernens høstturnering 2016"]
[Site "Seilduksgata 11"]
[Date "2016.09.06"]
[Round "2"]
[White "Wahl, Terje"]
[Black "Iversen, Kjell"]
[Result "0-1"]
[WhiteElo "1313"]
[BlackElo "1556"]
[Annotator "Stjernen,SK"]
[PlyCount "82"]
[EventDate "2016.??.??"]

1. Nf3 d5 2. g3 Nf6 3. Bg2 e6 4. O-O Nc6 5. d3 Be7 6. Nbd2 O-O 7. e4 dxe4 8.
dxe4 e5 9. c3 h6 10. h3 Be6 11. Nh2 Qc8 12. g4 Rd8 13. Qe2 Bc5 14. Kh1 a6 15.
Nb3 Bd6 16. f4 b5 17. f5 Bc4 18. Qe1 Bxf1 19. Nxf1 Be7 20. g5 hxg5 21. Bxg5 Rd6
22. Ng3 Qd8 23. Bxf6 Bxf6 24. Nh5 Bh4 25. Qe2 Qg5 26. Rf1 Rad8 27. Qf3 Rh6 $1
28. Nxg7 Qxg7 29. Rg1 Kf8 30. Bf1 Qh7 31. Nc5 Na5 32. Ne6+ fxe6 33. fxe6+ Rf6
34. Qg4 Ke7 35. b4 Nc4 36. Bxc4 bxc4 37. Qg7+ Qxg7 38. Rxg7+ Kxe6 39. Rxc7 Rf2
40. Rc6+ Ke7 41. Rc7+ Kf8
0-1

[Event "Stjernens høstturnering 2016"]
[Site "Seilduksgata 11"]
[Date "2016.09.06"]
[Round "2"]
[White "Marosevic, Tomislav"]
[Black "Smedsrud, Morten S"]
[Result "1/2-1/2"]
[WhiteElo "1534"]
[BlackElo "1257"]
[Annotator "Stjernen,SK"]
[PlyCount "135"]
[EventDate "2016.??.??"]

1. d4 d5 2. c4 e6 3. Nc3 Nf6 4. Bg5 Nbd7 5. Nf3 c6 6. e3 Qa5 7. Nd2 dxc4 8.
Bxf6 Nxf6 9. Bxc4 Be7 10. O-O O-O 11. a3 c5 12. Nb3 Qb6 13. Na4 (13. dxc5)
13... Qc6 14. Naxc5 b6 $1 15. Nxe6 Bxe6 16. Be2 Qa4 17. Nd2 Qxd1 18. Rfxd1 Rac8
19. Bd3 Rfd8 20. h3 Ne8 21. Nf3 Nd6 22. Ne5 f6 23. Nf3 Bb3 24. Rd2 Nc4 25. Re2
a5 26. Bf5 Rc6 27. d5 Rc5 (27... Rxd5 28. Be4 Rd1+ 29. Rxd1 Bxd1 30. Bxc6 Bxe2)
28. Be6+ Kf8 29. Nd4 a4 30. e4 Nd6 (30... Bd6 31. Bg4 Re8 32. Ne6+ Rxe6 33.
Bxe6 Be5) 31. Bg4 Nf7 32. Ne6+ Kg8 33. Nxd8 Bxd8 34. Rd2 Bc7 35. Bd1 Bf4 36.
Rd4 Be5 37. Rd2 Bf4 38. Re2 Bc4 39. Rc2 Nd6 40. g3 Be5 41. Rac1 b5 42. Be2 Kf7
43. Kg2 g5 44. f3 Ke7 45. Rd2 Kd7 46. h4 h6 (46... gxh4 47. gxh4 Bf4) 47. Kh3
h5 (47... Bxe2 $1 48. Rxc5 Bxf3 $1 49. Rd3 g4+ 50. Kh2 Bxg3+ $1 51. Kxg3 Nxe4+
52. Kf4 Nxc5) 48. Kg2 gxh4 49. f4 Nxe4 50. Rdc2 Bxd5 (50... Bd6) 51. fxe5 Nxg3+
52. Kh3 Be6+ 53. Kxh4 Nf5+ 54. Kxh5 Bf7+ 55. Kg4 Ne3+ 56. Kf3 Rxc2 (56... Nxc2
$1) 57. Bxb5+ Ke6 58. Rxc2 Nxc2 59. Bxa4 (59. Bc4+ Ke7 (59... Kxe5 60. Bxf7)
60. exf6+ Kxf6 61. Bxf7 Kxf7 62. Ke4 $11) 59... Nd4+ 60. Ke4 fxe5 61. b4 Bg6+
62. Ke3 Nc2+ 63. Bxc2 Bxc2 64. b5 Ba4 65. b6 Kd6 (65... Bc6 $1 $19) 66. b7 Kc7
67. Ke4 Kxb7 68. Kxe5
1/2-1/2

[Event "Stjernens høstturnering 2016"]
[Site "Seilduksgata 11"]
[Date "2016.09.06"]
[Round "3"]
[White "Egeland, Finn"]
[Black "Fjellheim, Benjamin"]
[Result "1-0"]
[WhiteElo "1960"]
[BlackElo "1715"]
[Annotator "Stjernen,SK"]
[PlyCount "101"]
[EventDate "2016.??.??"]

1. e4 d5 2. exd5 Qxd5 3. Nc3 Qd8 4. d4 Nf6 5. Nf3 Bg4 6. h3 Bxf3 7. Qxf3 c6 8.
Be3 e6 9. O-O-O Bb4 10. Ne4 Nxe4 11. Qxe4 Qd5 12. Qxd5 cxd5 13. f4 Nd7 14. g4
O-O 15. f5 exf5 16. gxf5 Nf6 17. Rg1 Rfe8 18. Bh6 Bf8 19. Bb5 Rec8 20. Rg2 Kh8
21. Bf4 Ne4 22. Kb1 Bd6 23. Bc1 Ng3 24. Bd3 Nh5 25. Rf1 Re8 26. c4 Re7 27. Rg5
Nf6 28. Rfg1 g6 29. fxg6 hxg6 30. Bxg6 fxg6 31. Rxg6 Ne4 32. cxd5 Rf8 33. R1g4
Nf2 (33... Rf6) 34. Rh4+ Rh7 35. Rxh7+ Kxh7 36. Rxd6 Rf7 37. Re6 Nd3 38. Re3
Nb4 39. d6 Nd5 40. Re5 Nb6 41. Bg5 Kg6 42. h4 a6 43. h5+ Kg7 44. Bd8 Nc8 45.
Be7 Kg8 46. d7 Nd6 47. d8=Q+ Rf8 48. Qxf8+ Kh7 49. Rg5 Nf5 50. Qg8+ Kh6 51.
Qg6#
1-0

[Event "Stjernens høstturnering 2016"]
[Site "Seilduksgata 11"]
[Date "2016.09.06"]
[Round "3"]
[White "Vestli, Håkon Bjørge"]
[Black "Chikwati, Elvis"]
[Result "1/2-1/2"]
[WhiteElo "1952"]
[BlackElo "1760"]
[Annotator "Stjernen,SK"]
[PlyCount "92"]
[EventDate "2016.??.??"]

1. e4 d6 2. d4 Nf6 3. Nc3 g6 4. Nf3 Bg7 5. Bc4 O-O 6. Bg5 Bg4 7. Qd3 c5 8. Ne2
(8. dxc5 dxc5 9. Bxf7+ $1 Kxf7 (9... Rxf7 10. Qxd8+) 10. Ne5+ Kg8 11. Qxd8 Rxd8
12. Bxf6 exf6 13. Nxg4) 8... cxd4 9. Nexd4 Nc6 10. Nxc6 bxc6 11. c3 Nd7 12. Bf4
Qb6 13. b4 a5 14. Rb1 Bxf3 (14... d5 $1 15. exd5 (15. Bb3 dxe4 16. Qxe4 Bf5)
15... Bf5) 15. gxf3 axb4 16. cxb4 Ne5 17. Bxe5 Bxe5 18. O-O Kg7 19. Qd2 Qd4 20.
Qxd4 Bxd4 21. f4 Rfb8 22. Rfc1 Rb6 23. Bb3 c5 24. bxc5 Bxc5 25. Bd5 Rab8 26.
Rxb6 Rxb6 27. Bb3 Rb4 28. Rc4 f5 29. Rxb4 Bxb4 30. Kg2 Kf6 31. Kf3 fxe4+ 32.
Kxe4 e6 33. Bc2 d5+ 34. Kf3 Ba3 35. Bd3 e5 36. fxe5+ Kxe5 37. Bc2 Bd6 38. h3
Be7 39. Bb3 h5 40. Bc2 g5 41. Bg6 h4 42. Bf7 Bc5 43. Ke2 d4 44. Kd3 Kf4 45. Bh5
Bb6 46. Bg4 Ke5
1/2-1/2

[Event "Stjernens høstturnering 2016"]
[Site "Seilduksgata 11"]
[Date "2016.09.06"]
[Round "3"]
[White "Ryen, Thomas Ager"]
[Black "Aavik, Jakob"]
[Result "0-1"]
[WhiteElo "1627"]
[BlackElo "1803"]
[PlyCount "98"]
[EventDate "2016.??.??"]

1. e4 c5 2. Nc3 d6 3. g3 Nf6 4. h3 e6 5. Bg2 Nc6 6. d3 Be7 7. Be3 d5 8. exd5
exd5 9. Bf4 a6 10. a4 O-O 11. Nf3 Bd6 12. Bxd6 Re8+ 13. Ne2 Qxd6 14. O-O Bf5
15. d4 Rac8 16. c3 h6 17. dxc5 Qxc5 18. Ned4 Be4 19. Nxc6 bxc6 20. Qd4 Qxd4 21.
Nxd4 c5 22. Bxe4 cxd4 23. Bd3 dxc3 24. bxc3 a5 25. Rac1 Ne4 26. Rfe1 f5 27. Bb5
Red8 28. c4 d4 29. Kg2 d3 30. Red1 Nc5 31. Rc3 Kf7 32. f3 Kf6 33. Kf2 g5 34. g4
Rd6 35. Rd2 Ke5 36. Ke3 h5 37. Rd1 hxg4 38. hxg4 f4+ 39. Kd2 Rh8 40. Re1+ Kd4
41. Ra3 Rh2+ 42. Kd1 Re6 43. Rxe6 Nxe6 44. c5 Nxc5 45. Bxd3 Nxd3 46. Rb3 Rh1+
47. Kd2 Rh2+ 48. Kd1 Ke3 49. Rb5 Rd2#
0-1

[Event "Stjernens høstturnering 2016"]
[Site "Seilduksgata 11"]
[Date "2016.09.06"]
[Round "3"]
[White "Wasshaug, Espen"]
[Black "Kutrovac, Milan"]
[Result "1-0"]
[WhiteElo "1797"]
[BlackElo "1611"]
[Annotator "Stjernen,SK"]
[PlyCount "72"]
[EventDate "2016.??.??"]

1. d4 Nf6 2. c4 d5 3. cxd5 Nxd5 4. Nf3 g6 5. e4 Nf6 6. Nc3 c6 7. Bc4 Bg7 8. O-O
O-O 9. h3 b5 10. Bd3 Bb7 11. Bg5 Nbd7 12. e5 Ne8 13. Be4 f6 14. Bh4 Nc7 15.
Qb3+ (15. Nxb5 $5 Nxb5 16. a4) 15... Kh8 16. Rad1 Qe8 17. Bg3 fxe5 18. Nxe5
Nxe5 19. Bxe5 Bxe5 20. dxe5 Rd8 21. Bf3 e6 22. Ne4 Nd5 23. Nd6 Qe7 24. Bxd5
exd5 25. Qc3 Kg8 26. Rc1 Ba8 27. Qg3 Kh8 28. f4 Rg8 29. Qg5 Rd7 30. h4 Qxg5 31.
hxg5 Rf8 32. b4 Kg7 33. g4 Re7 34. Rce1 a5 35. f5 Ra7 36. f6+ Kh8
1-0

[Event "Stjernens høstturnering 2016"]
[Site "Seilduksgata 11"]
[Date "2016.09.06"]
[Round "3"]
[White "Iversen, Kjell"]
[Black "Haugerud, Hårek"]
[Result "0-1"]
[WhiteElo "1556"]
[BlackElo "1709"]
[PlyCount "100"]
[EventDate "2016.??.??"]

1. e4 c5 2. Nf3 Nc6 3. d4 cxd4 4. Nxd4 Nf6 5. Nc3 e5 6. Nf3 Bb4 7. Bd3 d5 8.
Nd2 Bxc3 9. bxc3 O-O 10. O-O Bg4 11. Qe1 Qc7 12. Rb1 Kh8 13. f3 Be6 14. Kh1
dxe4 15. Nxe4 Nxe4 16. fxe4 Bxa2 17. Ra1 Be6 18. Qg3 Ne7 19. Bd2 a6 20. c4 Rad8
21. Bb4 Rfe8 22. Qf2 Nc6 23. Bd2 Nd4 24. Rfb1 Rd7 25. Ba5 Qc8 26. Bb6 Bxc4 27.
Rc1 Be6 28. Rab1 Rd6 29. Qg3 f6 30. Ba5 b5 31. Bb4 Rc6 32. c3 Nb3 33. Rc2 Nc5
34. h4 Rd8 35. Bxc5 Rxc5 36. Be2 Qc6 37. Qe3 Rc8 38. Rbc1 b4 39. c4 a5 40. h5
a4 41. h6 g6 42. Bf3 b3 43. Rc3 b2 44. Rb1 Rxc4 45. Qa7 Qc7 46. Qxc7 R4xc7 47.
Rxc7 Rxc7 48. Rxb2 a3 49. Rb1 a2 50. Rd1 Ra7
0-1